000 00970nam a22002295i 4500
001 169416
003 ES-MaACL
005 20251215184132.0
008 080910s1835 fr |||| | fre d
080 _a821.133.1-23"18"
100 1 _aDupeuty, Charles.
_9138515
245 1 0 _aCornaro, tyran pas doux /
_ctraduction en quatre actes et en vers d'Angelo, tyran de Padoue, par Dupeuty et Duvert.
260 _a[S.l. :
_bs.n.,
_c1835?] (
_eMarais :
_fDondey-Dupré)
300 _a20 p. ;
_c25 cm.
500 _a"Représenté pour la première fois, sur le Théâtre du Vaudeville, le 18 mai 1835"
594 _aTít. tomado de la cabecera.
594 _aAdaptación de: Angelo, tyran de Padoue / Victor Hugo.
700 1 _aDuvert, Félix-Auguste.
_9138516
700 1 _aHugo, Victo.
_tAngelo, tyran de Padone
_9138518
852 _aES-MaACL
_j2235-F-4
_9R.141152
_z.- Biblioteca Jacinto Martínez Lacalle
_q.-Falto de la cubierta original
999 _c169416
_d169416